000
002890000a22001450004500
003
MACL
040
_a
MACL
090
_c
8023
_d
8022
100
_a
Krishna,M.
245
_a
The Indian Elephant
260
_b
Publicaton Division
_c
1970
350
_a
2.75
650
_a
Animals
942
_c
BOOK
999
_c
7973
_d
7973